000 00590nam a2200145Ia 4500
008 151213s9999 xx 000 0 und d
100 _aমাও: মু: হেমায়েত উদ্দিন।
245 _aআহকামুন নিসা ।
_cমাও: মু: হেমায়েত উদ্দিন।
260 _aঢাকা
_bমাকতাবাতুল আশরাফ।
_c2011
300 _a10973 p.
650 _aBangla
650 _aইসলামী বই
700 _aমাও: মু: হেমায়েত উদ্দিন।
999 _c4945
_d4945